| 000 | 00412pab a2200145 454500 | ||
|---|---|---|---|
| 008 | 180718b004 xxu||||| |||| 00| 0 eng d | ||
| 100 | _aStrenger, Carlo | ||
| 245 | _aMentoring the patients self-creation: thoughts on the nature of the therapeutic relationship | ||
| 260 | _c004 | ||
| 300 | _ap.377-405. | ||
| 362 | _aSummer | ||
| 650 | _aTherapy | ||
| 773 | _aJournal of Humanistic Psychology | ||
| 909 | _a61894 | ||
| 999 |
_c61894 _d61894 |
||